000 00673nam a2200229 a 4500
005 20240228064059.0
008 121022s2003 mx r 000 0 spa d
020 _a9978807624
035 _aUPN01000187840
049 _aI
050 4 _aPZ76.3
_bA4.64
100 1 _aAlvarez, Silvia
_931091
245 1 3 _aEl nido del hornero /
_cSilvia Alvarez ; il. Fernando Bahamonde.
260 _aQuito :
_bLibresa,
_c2003.
300 _a24 p. :
_bprincipalmente il. col.
440 0 _aGarabato
650 7 _aAves
_vCuentos y leyendas
_2
_94118
650 4 _aLibros y lectura para niƱos
_92290
700 1 _aBahamonde, Fernando,
_eil.
905 _aInfantil
999 _c159943
_d159943